[Event "Sharjah Masters-B 8th"]
[Site "Sharjah"]
[Date "2025.05.20"]
[Round "4"]
[White "Levin, Evgeny A"]
[Black "Aydin, Gulenay"]
[Result "1-0"]
[WhiteElo "2453"]
[BlackElo "2240"]
[PlyCount "139"]
[EventDate "2025.05.17"]
[EventType "swiss"]
[EventRounds "9"]
[EventCountry "UAE"]
[SourceTitle "CB22_2025"]
[SourceDate "2025.05.28"]
[SourceVersion "1"]
[SourceVersionDate "2025.05.28"]
[SourceQuality "1"]

1. d4 d6 2. Nf3 Nf6 3. c4 g6 4. Nc3 Bg7 5. e4 0-0 6. Be2 e5 7. 0-0 exd4 8. Nxd4 Re8 9. f3 c6 10. Kh1 d5 11. cxd5 cxd5 12. Bg5 Nc6 13. Bb5 h6 14. Nxc6 bxc6 15. Bxc6 hxg5 16. Bxa8 d4 17. Ne2 d3 18. Ng3 Ba6 19. Bc6 Re6 20. Qa4 Qb6 21. Bd5 Nxd5 22. exd5 Re5 23. Rfe1 Rxd5 24. Qe8+ Bf8 25. Re7 Qf6 26. Qa8 Re5 27. Rxe5 Qxe5 28. Qxa7 Qxb2 29. Rg1 Bb7 30. Qe3 Qc2 31. Ne4 Bxe4 32. Qxe4 f5 33. Qd5+ Kh7 34. Qd7+ Kg8 35. a4 Bc5 36. Qe8+ Kg7 37. Rf1 Bf2 38. Qe7+ Kg8 39. a5 d2 40. Qe2 Be1 41. Rxe1 dxe1Q+ 42. Qxe1 Qa2 43. h3 Qa3 44. Qe5 Kf7 45. Kh2 Qa4 46. Qc7+ Kg8 47. Qc8+ Kg7 48. a6 Qf4+ 49. Kh1 Qd6 50. Qb7+ Kh6 51. Qb2 Qd1+ 52. Kh2 Qd6+ 53. g3 Kh7 54. Qa2 Qb8 55. a7 Qa8 56. Qa5 Kh6 57. Kg1 Kh5 58. Qc7 Qh8 59. Qc5 Qa1+ 60. Kg2 Qa2+ 61. Qf2 Qa3 62. g4+ Kh6 63. gxf5 gxf5 64. h4 f4 65. Kh3 Kh5 66. Qg2 gxh4 67. Qg4+ Kh6 68. Qe6+ Kg5 69. Qd5+ Kh6 70. a8Q 1-0

[Event "EU-ch 25th"]
[Site "Eforie Nord"]
[Date "2025.03.26"]
[Round "11"]
[White "Aydin, Gulenay"]
[Black "Hrabinska, Myroslava"]
[Result "1-0"]
[WhiteElo "2265"]
[BlackElo "2130"]
[PlyCount "64"]
[EventDate "2025.03.15"]
[EventType "swiss"]
[EventRounds "11"]
[EventCountry "ROU"]
[SourceTitle "CB13_2025"]
[SourceDate "2025.03.26"]
[SourceVersion "1"]
[SourceVersionDate "2025.03.26"]
[SourceQuality "1"]

1. e4 c5 2. Nf3 e6 3. c3 Nf6 4. e5 Nd5 5. d4 cxd4 6. cxd4 d6 7. Bc4 Be7 8. 0-0 0-0 9. Qe2 Nc6 10. Nc3 Nxc3 11. bxc3 b6 12. Bd3 dxe5 13. Qe4 f5 14. Qxc6 Bd7 15. Qb7 Rb8 16. Qxa7 Ra8 17. Qb7 Rb8 18. Qa6 Ra8 19. Qc4 e4 20. Bxe4 fxe4 21. Ne5 Bc8 22. Re1 Bh4 23. Be3 Qd5 24. Qf1 Bd8 25. Qe2 Bc7 26. c4 Qd8 27. Ng4 e5 28. dxe5 Qd3 29. Rac1 Ra4 30. Rcd1 Qxc4 31. Rc1 Qxa2 32. Rxc7 g6 1-0

[Event "EU-ch 25th"]
[Site "Eforie Nord"]
[Date "2025.03.24"]
[Round "9"]
[White "Aydin, Gulenay"]
[Black "Breahna, Radu"]
[Result "1-0"]
[WhiteElo "2265"]
[BlackElo "2110"]
[PlyCount "72"]
[EventDate "2025.03.15"]
[EventType "swiss"]
[EventRounds "11"]
[EventCountry "ROU"]
[SourceTitle "CB13_2025"]
[SourceDate "2025.03.26"]
[SourceVersion "1"]
[SourceVersionDate "2025.03.26"]
[SourceQuality "1"]

1. e4 c5 2. c3 d5 3. exd5 Qxd5 4. d4 Nf6 5. Nf3 Nc6 6. dxc5 Qxc5 7. Na3 Bg4 8. Nb5 Rc8 9. Be3 Bxf3 10. Qxf3 Qe5 11. 0-0-0 g5 12. Nxa7 Nxa7 13. Bxa7 Bg7 14. Qe2 Qc7 15. Qb5+ Kf8 16. Bd4 Ne4 17. Bxg7+ Kxg7 18. Bd3 Qf4+ 19. Kb1 Nd6 20. Qb6 Qf6 21. Rhe1 Rhe8 22. Bc2 Rc6 23. Qd4 e5 24. Qd3 e4 25. Qd4 Re5 26. h4 gxh4 27. Bxe4 Nxe4 28. Rxe4 Rxe4 29. Qxe4 Qxf2 30. a4 Rg6 31. Qe5+ Kh6 32. Rd4 Rxg2 33. Rb4 h3 34. Qe7 h2 35. Rh4+ Kg6 36. Qd6+ Kg5 1-0

[Event "EU-ch 25th"]
[Site "Eforie Nord"]
[Date "2025.03.23"]
[Round "8"]
[White "Shilon Rahav, Eliran"]
[Black "Aydin, Gulenay"]
[Result "1/2-1/2"]
[WhiteElo "2040"]
[BlackElo "2265"]
[PlyCount "107"]
[EventDate "2025.03.15"]
[EventType "swiss"]
[EventRounds "11"]
[EventCountry "ROU"]
[SourceTitle "CB13_2025"]
[SourceDate "2025.03.26"]
[SourceVersion "1"]
[SourceVersionDate "2025.03.26"]
[SourceQuality "1"]

1. e4 c5 2. Nf3 e6 3. g3 Nc6 4. Bg2 Nf6 5. Qe2 e5 6. 0-0 Be7 7. d3 d6 8. Nc3 Bg4 9. Be3 Nd4 10. Bxd4 cxd4 11. Nd5 Nxd5 12. exd5 Rc8 13. h3 Bh5 14. Rac1 Bg5 15. Rce1 Bxf3 16. Bxf3 0-0 17. h4 Bh6 18. Kg2 Qc7 19. g4 Bf4 20. c4 dxc3 21. bxc3 Qxc3 22. Be4 Qd2 23. Qxd2 Bxd2 24. Re2 Bf4 25. Rb1 b6 26. Rb4 g6 27. Rc4 Rc5 28. Rec2 f5 29. Bf3 Rfc8 30. Be2 Kf7 31. Kf3 Ke7 32. a4 Bh6 33. g5 Bg7 34. Ke3 Kd7 35. Bf3 R8c7 36. Bg2 Rc8 37. Kd2 h6 38. gxh6 Bxh6+ 39. Ke2 Ke7 40. Bh3 Kf6 41. Bg2 Bf4 42. Rxc5 Rxc5 43. Rxc5 dxc5 44. Bf3 Bh6 45. Kd1 Ke7 46. Kc2 a6 47. a5 bxa5 48. Kb3 Kd6 49. Ka4 Bg7 50. h5 g5 51. Kxa5 g4 52. Bg2 f4 53. Be4 Bh6 54. Kxa6 1/2-1/2

[Event "EU-ch 25th"]
[Site "Eforie Nord"]
[Date "2025.03.15"]
[Round "1"]
[White "Aydin, Gulenay"]
[Black "Andersen, Mads"]
[Result "0-1"]
[WhiteElo "2265"]
[BlackElo "2585"]
[PlyCount "96"]
[EventDate "2025.03.15"]
[EventType "swiss"]
[EventRounds "11"]
[EventCountry "ROU"]
[SourceTitle "CB13_2025"]
[SourceDate "2025.03.26"]
[SourceVersion "1"]
[SourceVersionDate "2025.03.26"]
[SourceQuality "1"]

1. e4 c5 2. Nf3 d6 3. d4 cxd4 4. Nxd4 Nf6 5. Nc3 a6 6. h3 e6 7. g4 Be7 8. g5 Nfd7 9. Bg2 Nc6 10. h4 Qb6 11. Nb3 Qc7 12. Be3 b5 13. a3 Nb6 14. Qe2 Rb8 15. 0-0-0 Nc4 16. f4 N6a5 17. Nxa5 Qxa5 18. f5 d5 19. Nb1 b4 20. a4 b3 21. c3 Nxe3 22. Qxe3 0-0 23. exd5 Bc5 24. Qe5 Bb7 25. fxe6 fxe6 26. Qxe6+ Kh8 27. Rhe1 Qxa4 28. Qe4 Qb5 29. Bf1 Bxd5 30. Qxd5 Rxf1 31. Na3 Be3+ 32. Rxe3 Qxd5 33. Rxf1 Rd8 34. Re2 Kg8 35. Rfe1 Qf7 36. Nb1 a5 37. Nd2 a4 38. Re7 Qf5 39. Re8+ Rxe8 40. Rxe8+ Kf7 41. Re4 Qh3 42. Kd1 Qh1+ 43. Ke2 Qa1 44. Nc4 Kg6 45. Nd2 Kh5 46. Rb4 Qxb2 47. Rxa4 Qc2 48. Rb4 b2 0-1

[Event "Baku Pashayeva Memorial Blitz"]
[Site "Baku"]
[Date "2025.03.05"]
[Round "14"]
[White "Aydin, Gulenay"]
[Black "Mamedjarova, Turkan"]
[Result "0-1"]
[WhiteElo "2265"]
[BlackElo "2206"]
[PlyCount "92"]
[EventDate "2025.03.05"]
[EventType "tourn (blitz)"]
[EventRounds "18"]
[EventCountry "AZE"]
[EventCategory "3"]
[SourceTitle "CB11_2025"]
[SourceDate "2025.03.12"]
[SourceVersion "1"]
[SourceVersionDate "2025.03.12"]
[SourceQuality "1"]

1. e4 e5 2. Nf3 Nc6 3. Nc3 Nf6 4. d4 exd4 5. Nxd4 Bb4 6. Nxc6 bxc6 7. Bd3 d5 8. exd5 cxd5 9. 0-0 0-0 10. h3 c6 11. Qf3 Bd6 12. Re1 Be6 13. Bf4 Rb8 14. b3 Bxf4 15. Qxf4 Nd7 16. Ne2 c5 17. Rad1 Qa5 18. Qh4 Nf6 19. Nf4 Rfe8 20. Nh5 Nxh5 21. Qxh5 g6 22. Qg5 Qc3 23. h4 c4 24. bxc4 dxc4 25. Bf1 Qxc2 26. Qf6 c3 27. h5 Qf5 28. Qxc3 Qxh5 29. Be2 Qg5 30. Bf3 Rbc8 31. Qd4 Bxa2 32. Qxa7 Bb3 33. Rb1 Rxe1+ 34. Rxe1 Qd2 35. Qe7 Qf4 36. Bb7 Rb8 37. Bf3 Bc4 38. Rd1 h5 39. Qc5 Be6 40. Qe7 h4 41. Rd8+ Rxd8 42. Qxd8+ Kh7 43. Qe7 h3 44. Kh1 hxg2+ 45. Kxg2 Bc4 46. Qe1 Qg5+ 0-1

[Event "Baku Pashayeva Memorial Blitz"]
[Site "Baku"]
[Date "2025.03.05"]
[Round "8"]
[White "Yakubbaeva, Nilufar"]
[Black "Aydin, Gulenay"]
[Result "1/2-1/2"]
[WhiteElo "2179"]
[BlackElo "2265"]
[PlyCount "78"]
[EventDate "2025.03.05"]
[EventType "tourn (blitz)"]
[EventRounds "18"]
[EventCountry "AZE"]
[EventCategory "3"]
[SourceTitle "CB11_2025"]
[SourceDate "2025.03.12"]
[SourceVersion "1"]
[SourceVersionDate "2025.03.12"]
[SourceQuality "1"]

1. d4 Nf6 2. Nf3 g6 3. Nbd2 d5 4. b4 Bg7 5. Bb2 0-0 6. e3 Nbd7 7. Rc1 c6 8. c4 dxc4 9. Nxc4 Nb6 10. Be2 Be6 11. 0-0 Nxc4 12. Bxc4 Bxc4 13. Rxc4 Nd7 14. Rc1 a5 15. Qb3 Qb6 16. Bc3 axb4 17. Bxb4 Rfe8 18. Rc2 e5 19. dxe5 Nxe5 20. Nxe5 Bxe5 21. g3 Bf6 22. Rd1 Red8 23. Rcd2 Rxd2 24. Rxd2 Rd8 25. Rxd8+ Qxd8 26. Kg2 h5 27. a4 h4 28. Qc4 hxg3 29. hxg3 Qd7 30. a5 Kg7 31. Bc5 Qc7 32. Bb6 Qd7 33. a6 bxa6 34. Qxa6 Qd5+ 35. Kg1 c5 36. Qb5 Qd1+ 37. Kg2 Qd5+ 38. Kg1 Qd1+ 39. Kg2 Qd5+ 1/2-1/2

[Event "Baku Pashayeva Memorial Rapid"]
[Site "Baku"]
[Date "2025.03.02"]
[Round "1"]
[White "Serikbay, Assel"]
[Black "Aydin, Gulenay"]
[Result "0-1"]
[WhiteElo "2235"]
[BlackElo "2265"]
[PlyCount "158"]
[EventDate "2025.03.02"]
[EventType "tourn (rapid)"]
[EventRounds "9"]
[EventCountry "AZE"]
[EventCategory "3"]
[SourceTitle "CB11_2025"]
[SourceDate "2025.03.12"]
[SourceVersion "1"]
[SourceVersionDate "2025.03.12"]
[SourceQuality "1"]

1. d4 Nf6 2. c4 g6 3. g3 Bg7 4. Bg2 0-0 5. Nc3 d6 6. Nf3 c6 7. e4 Bg4 8. 0-0 Nbd7 9. h3 Bxf3 10. Bxf3 e5 11. Be3 exd4 12. Bxd4 Re8 13. Bg2 Qc7 14. Re1 Rad8 15. f4 a6 16. Rc1 Qa5 17. a3 b5 18. cxb5 axb5 19. Bf2 b4 20. axb4 Qxb4 21. Qc2 Rb8 22. Rb1 Nc5 23. Kh2 Nfd7 24. Red1 Bf8 25. Be1 Qb3 26. Qd2 Nf6 27. Qd4 Re6 28. f5 Re5 29. fxg6 hxg6 30. Qf2 Nfxe4 31. Nxe4 Nxe4 32. Bxe4 Rxe4 33. Bc3 Qe6 34. Re1 Bg7 35. Rxe4 Qxe4 36. Re1 Qc4 37. Bxg7 Kxg7 38. Rf1 Re8 39. Qf6+ Kg8 40. Rf2 Qd5 41. Qc3 c5 42. Rd2 Qe6 43. Rf2 Qe5 44. Qf3 Re7 45. Rd2 Kg7 46. h4 Re6 47. Qd3 Rf6 48. Re2 Qf5 49. Qe3 Qg4 50. Rd2 Rf3 51. Qe1 Rf6 52. Qe3 Qe6 53. Qc3 Qe1 54. b3 Kg8 55. Qxf6 Qxd2+ 56. Kh3 Qd5 57. Qc3 Qh1+ 58. Kg4 Qf1 59. Qc2 Qf6 60. h5 Qd4+ 61. Kh3 gxh5 62. Kh2 Qe3 63. Qf5 Qe2+ 64. Kg1 Qg4 65. Qd3 Qe6 66. Kf2 Kf8 67. Qf3 Qe5 68. Qa8+ Kg7 69. Qc6 Qd4+ 70. Kg2 d5 71. Qd6 Qe4+ 72. Kh2 c4 73. bxc4 dxc4 74. Qd8 Qe5 75. Qc8 c3 76. Qc4 Kg6 77. Qd3+ Kg7 78. Qc4 Qe3 79. Kh3 Qe6+ 0-1

[Event "Olympiad Women-45"]
[Site "Budapest"]
[Date "2024.09.19"]
[Round "8.3"]
[White "Aydin, Gulenay"]
[Black "Canino, Ruelle"]
[Result "1/2-1/2"]
[WhiteElo "2202"]
[BlackElo "2004"]
[PlyCount "133"]
[EventDate "2024.09.11"]
[EventType "team-swiss"]
[EventRounds "11"]
[EventCountry "HUN"]
[SourceTitle "EXT 2025"]
[Source "ChessBase"]
[SourceDate "2024.10.14"]
[SourceVersion "1"]
[SourceVersionDate "2024.10.14"]
[SourceQuality "1"]
[WhiteTeam "Turkey (W)"]
[BlackTeam "Philippines (W)"]
[WhiteTeamCountry "TUR"]
[BlackTeamCountry "PHI"]

1. e4 g6 2. d4 Bg7 3. Nf3 d6 4. Bc4 e6 5. 0-0 a6 6. a4 b6 7. Re1 Nd7 8. c3 Bb7 9. Nbd2 Ne7 10. Nf1 0-0 11. Ng3 d5 12. exd5 Nxd5 13. h4 h6 14. h5 g5 15. Bd3 c5 16. Qe2 cxd4 17. Nxd4 Re8 18. Bd2 Qc7 19. Rad1 Nc5 20. Bc2 Rad8 21. Ne4 Nf4 22. Bxf4 Qxf4 23. Nxc5 bxc5 24. Nb3 Bf8 25. Nd2 Bd5 26. Be4 g4 27. Bxd5 Rxd5 28. Ne4 Rxh5 29. g3 Qf5 30. Qxg4+ Qxg4 31. Nf6+ Kg7 32. Nxg4 Rg5 33. Ne5 Kf6 34. Nd7+ Ke7 35. Ne5 Kf6 36. Nc4 Rb8 37. Kg2 Rd5 38. Rxd5 exd5 39. Ne3 d4 40. cxd4 cxd4 41. Nd5+ Kf5 42. Rd1 Bg7 43. Rd2 Rb3 44. f3 Ke5 45. Nf4 Kd6 46. Nd3 Kd5 47. Kf2 Rb8 48. Rc2 Kd6 49. b4 Bf8 50. Ke2 Kd5 51. Rb2 Kc4 52. Rc2+ Kb3 53. Rc6 Bxb4 54. Nxb4 Rxb4 55. Rxa6 Kc4 56. Rc6+ Kd5 57. Rxh6 Rxa4 58. Rf6 Ra7 59. Kd3 Ra3+ 60. Kd2 Ra2+ 61. Kd3 Ra3+ 62. Kd2 Kc4 63. Rc6+ Kd5 64. Rf6 Kc4 65. Rc6+ Kd5 66. Rf6 Kc4 67. Rc6+ 1/2-1/2

[Event "Olympiad Women-45"]
[Site "Budapest"]
[Date "2024.09.14"]
[Round "4.4"]
[White "Aydin, Gulenay"]
[Black "Doluhanova, Evgeniya"]
[Result "1-0"]
[WhiteElo "2202"]
[BlackElo "2304"]
[PlyCount "111"]
[EventDate "2024.09.11"]
[EventType "team-swiss"]
[EventRounds "11"]
[EventCountry "HUN"]
[SourceTitle "EXT 2025"]
[Source "ChessBase"]
[SourceDate "2024.10.14"]
[SourceVersion "1"]
[SourceVersionDate "2024.10.14"]
[SourceQuality "1"]
[WhiteTeam "Turkey (W)"]
[BlackTeam "Ukraine (W)"]
[WhiteTeamCountry "TUR"]
[BlackTeamCountry "UKR"]

1. e4 e5 2. Nf3 Nc6 3. Nc3 Nf6 4. d4 exd4 5. Nxd4 Bb4 6. Nxc6 bxc6 7. Bd3 d5 8. exd5 0-0 9. 0-0 cxd5 10. h3 c6 11. Qf3 Nd7 12. Qg3 Re8 13. Bf4 Nc5 14. Bg5 f6 15. Bh6 Re7 16. a3 Nxd3 17. cxd3 Bc5 18. Rac1 Ba6 19. Rfd1 Bd4 20. b4 Qe8 21. Bd2 Be5 22. Qf3 Qf7 23. Ne2 Rae8 24. Be3 Bb5 25. Nd4 Bxd4 26. Bxd4 Ba4 27. Rf1 a6 28. Bc5 Re6 29. Bd4 Qg6 30. Bc3 Bb5 31. Rfd1 h5 32. Kh2 h4 33. Bd4 Re2 34. Rc3 Ra2 35. Be3 Qf7 36. Kg1 Qe7 37. Rdc1 Qe5 38. Qg4 g5 39. Bd4 Qe6 40. Qh5 Qf7 41. Qf3 Re6 42. Qf5 Rae2 43. Be3 Kg7 44. Kf1 Ra2 45. Bd4 Kf8 46. Kg1 Rae2 47. R3c2 Rxc2 48. Rxc2 Kg8 49. Rc1 Ba4 50. Rf1 Bc2 51. f4 g4 52. Qxg4+ Kh7 53. Qxh4+ Kg8 54. f5 Re8 55. Rf3 Kf8 56. Bc5+ 1-0

[Event "Olympiad Women-45"]
[Site "Budapest"]
[Date "2024.09.12"]
[Round "2.16"]
[White "Jacimovic, Sara"]
[Black "Aydin, Gulenay"]
[Result "0-1"]
[WhiteElo "1981"]
[BlackElo "2202"]
[PlyCount "74"]
[EventDate "2024.09.11"]
[EventType "team-swiss"]
[EventRounds "11"]
[EventCountry "HUN"]
[SourceTitle "EXT 2025"]
[Source "ChessBase"]
[SourceDate "2024.10.14"]
[SourceVersion "1"]
[SourceVersionDate "2024.10.14"]
[SourceQuality "1"]
[WhiteTeam "Bosnia & Herzegovina (W)"]
[BlackTeam "Turkey (W)"]
[WhiteTeamCountry "BIH"]
[BlackTeamCountry "TUR"]

1. e4 c5 2. Nc3 e6 3. g3 Nc6 4. Bg2 g6 5. Nge2 Bg7 6. d3 Nge7 7. Bg5 h6 8. Be3 Nd4 9. Qd2 d6 10. 0-0 Rb8 11. f4 b5 12. Nd1 Nxe2+ 13. Qxe2 0-0 14. c3 a5 15. Nf2 Bb7 16. Rfd1 b4 17. Rac1 Ba6 18. e5 bxc3 19. bxc3 Nf5 20. exd6 Nxe3 21. Qxe3 Rc8 22. Ne4 Bb7 23. d7 Qxd7 24. Nxc5 Rxc5 25. Qxc5 Bxg2 26. Kxg2 Rc8 27. Qa3 Qd5+ 28. Kh3 Qh5+ 29. Kg2 Qe2+ 30. Kh3 Bf8 31. Qxa5 Rc5 32. Qxc5 Bxc5 33. a4 g5 34. fxg5 hxg5 35. Re1 g4+ 36. Kh4 Be7+ 37. Kh5 Qxd3 0-1

[Event "Olympiad Women-45"]
[Site "Budapest"]
[Date "2024.09.11"]
[Round "1.16"]
[White "Aydin, Gulenay"]
[Black "Cruz, Bitia"]
[Result "1-0"]
[WhiteElo "2202"]
[BlackElo "1736"]
[PlyCount "65"]
[EventDate "2024.09.11"]
[EventType "team-swiss"]
[EventRounds "11"]
[EventCountry "HUN"]
[SourceTitle "EXT 2025"]
[Source "ChessBase"]
[SourceDate "2024.10.14"]
[SourceVersion "1"]
[SourceVersionDate "2024.10.14"]
[SourceQuality "1"]
[WhiteTeam "Turkey (W)"]
[BlackTeam "Honduras (W)"]
[WhiteTeamCountry "TUR"]
[BlackTeamCountry "HON"]

1. e4 c5 2. c3 d5 3. exd5 Nf6 4. Bb5+ Nbd7 5. Qb3 a6 6. Be2 b5 7. d3 Bb7 8. c4 g6 9. Nf3 Bg7 10. 0-0 0-0 11. Nc3 b4 12. Ne4 a5 13. Rb1 e6 14. dxe6 fxe6 15. Ng3 Ng4 16. Ng5 Nxf2 17. Be3 Qe7 18. Rxf2 Rxf2 19. Kxf2 Rf8+ 20. Kg1 Bh6 21. h4 Bg7 22. Bf3 Ne5 23. Bxb7 Qxb7 24. N3e4 Qe7 25. Bxc5 Qd7 26. Bxf8 Qd4+ 27. Kh1 Bxf8 28. Nxe6 Qe3 29. Nxf8 Kxf8 30. Rf1+ Kg7 31. Qd1 Nxd3 32. Rf3 Qxe4 33. Qxd3 1-0

[Event "Abu Dhabi Masters Online"]
[Site "Chess.com INT"]
[Date "2024.08.21"]
[Round "1"]
[White "Aydin, Gulenay"]
[Black "Ashraf, Artin"]
[Result "0-1"]
[WhiteElo "2176"]
[BlackElo "2383"]
[PlyCount "60"]
[EventDate "2024.08.21"]
[EventType "swiss (blitz)"]
[EventRounds "11"]
[EventCountry "UAE"]
[SourceTitle "CBM 221 Extra"]
[Source "ChessBase"]
[SourceDate "2024.09.30"]
[SourceVersion "1"]
[SourceVersionDate "2024.09.30"]
[SourceQuality "1"]

1. e4 e5 2. Nf3 Nc6 3. Nc3 Nf6 4. d4 exd4 5. Nxd4 Nxe4 6. Nxe4 Qe7 7. f3 d5 8. Bb5 Bd7 9. 0-0 dxe4 10. Bxc6 bxc6 11. Re1 0-0-0 12. Rxe4 Qf6 13. Qe2 c5 14. Nb3 Bc6 15. Rf4 Qg6 16. Be3 Bd6 17. Rg4 Qh5 18. h3 Qe5 19. Na5 Qxb2 20. Re1 Bb5 21. Qf2 Rhe8 22. Re4 Rxe4 23. fxe4 Qe5 24. c4 Bd7 25. Rb1 Qxe4 26. Qb2 Qxe3+ 27. Kh1 Ba4 28. Nb7 Be5 29. Nxd8 Bxb2 30. Rf1 Kxd8 0-1

[Event "Abu Dhabi Masters Online"]
[Site "Chess.com INT"]
[Date "2024.08.21"]
[Round "4"]
[White "Aydin, Gulenay"]
[Black "Le, Anh Dung"]
[Result "0-1"]
[WhiteElo "2176"]
[BlackElo "2203"]
[PlyCount "56"]
[EventDate "2024.08.21"]
[EventType "swiss (blitz)"]
[EventRounds "11"]
[EventCountry "UAE"]
[SourceTitle "CBM 221 Extra"]
[Source "ChessBase"]
[SourceDate "2024.09.30"]
[SourceVersion "1"]
[SourceVersionDate "2024.09.30"]
[SourceQuality "1"]

1. e4 Nf6 2. Nc3 d5 3. exd5 Nxd5 4. Bc4 e6 5. d4 Nxc3 6. bxc3 Be7 7. Nf3 Nd7 8. 0-0 0-0 9. Re1 b6 10. d5 e5 11. Bd3 Bd6 12. Bxh7+ Kxh7 13. Ng5+ Kg8 14. h4 Nf6 15. h5 Bg4 16. f3 Bxh5 17. g4 Bg6 18. Kg2 e4 19. f4 Nh7 20. Nxh7 Bxh7 21. Be3 Qf6 22. Rh1 Qxc3 23. Qe2 Bc5 24. Rh3 Qxa1 25. g5 Bxe3 26. Rxe3 Qxa2 27. Rh3 Qxd5 28. Qh5 Qf5 0-1

[Event "Speed Chess (Women) Play In 4"]
[Site "Chess.com INT"]
[Date "2024.08.16"]
[Round "5"]
[White "Aydin, Gulenay"]
[Black "Khotenashvili, Bela"]
[Result "1-0"]
[WhiteElo "2176"]
[BlackElo "2427"]
[PlyCount "123"]
[EventDate "2024.08.16"]
[EventType "swiss (blitz)"]
[EventRounds "11"]
[EventCountry "USA"]
[SourceTitle "CBM 221 Extra"]
[Source "ChessBase"]
[SourceDate "2024.09.30"]
[SourceVersion "1"]
[SourceVersionDate "2024.09.30"]
[SourceQuality "1"]

1. e4 c6 2. Nf3 g6 3. d3 Bg7 4. g3 d5 5. Qe2 dxe4 6. Qxe4 Nf6 7. Qe2 0-0 8. Bg2 Re8 9. 0-0 Nbd7 10. Nc3 e5 11. Re1 h6 12. Be3 Nd5 13. Bd2 f5 14. Rad1 Kh7 15. h4 N5f6 16. Qf1 Ng4 17. Ne2 Ndf6 18. c4 Be6 19. Bc3 Nd7 20. b3 Qb6 21. d4 e4 22. Nh2 Ndf6 23. Nf4 Bf7 24. Nxg4 Nxg4 25. Bh3 h5 26. Bxg4 hxg4 27. Ba1 Rad8 28. Qe2 Bxd4 29. Bxd4 Rxd4 30. Rxd4 Qxd4 31. Rd1 Qf6 32. Rd7 Re7 33. Rd8 Qa1+ 34. Kh2 Qc3 35. h5 gxh5 36. Ng2 Bg6 37. Ne3 Qe5 38. Ng2 Qc3 39. Ne3 Qf6 40. Ng2 Qg5 41. Qd1 Rf7 42. Qd6 Qf6 43. Qb8 h4 44. Nxh4 f4 45. Nxg6 fxg3+ 46. Qxg3 Qxg6 47. Qh4+ Qh6 48. Rh8+ Kxh8 49. Qxh6+ Kg8 50. Kg3 Rf3+ 51. Kxg4 Rxf2 52. Qe6+ Kg7 53. Qe7+ Rf7 54. Qxe4 Kf8 55. Qd4 a6 56. Qc5+ Kg7 57. a4 Kg6 58. Qd6+ Kg7 59. Qd8 Kg6 60. Qe8 Kg7 61. Kg5 Rc7 62. Qe5+ 1-0

[Event "Speed Chess (Women) Play In 4"]
[Site "Chess.com INT"]
[Date "2024.08.16"]
[Round "10"]
[White "Aydin, Gulenay"]
[Black "Pham, Le Thao Nguyen"]
[Result "0-1"]
[WhiteElo "2176"]
[BlackElo "2395"]
[PlyCount "80"]
[EventDate "2024.08.16"]
[EventType "swiss (blitz)"]
[EventRounds "11"]
[EventCountry "USA"]
[SourceTitle "CBM 221 Extra"]
[Source "ChessBase"]
[SourceDate "2024.09.30"]
[SourceVersion "1"]
[SourceVersionDate "2024.09.30"]
[SourceQuality "1"]

1. e4 c6 2. Nf3 d5 3. d3 Bg4 4. h3 Bxf3 5. Qxf3 e6 6. g3 Nd7 7. Bg2 Ngf6 8. 0-0 dxe4 9. dxe4 Bc5 10. Qe2 e5 11. a4 a5 12. Nd2 Nb6 13. Nb3 Nfd7 14. Rd1 Qe7 15. Nxc5 Nxc5 16. Be3 Nbd7 17. c3 0-0 18. Qc2 Rfd8 19. h4 h6 20. Bh3 Nf6 21. f3 b6 22. Rxd8+ Rxd8 23. Rd1 Rd6 24. b4 Ncd7 25. bxa5 bxa5 26. Bf1 Rxd1 27. Qxd1 Qa3 28. Bh3 Qxc3 29. Bf2 Nf8 30. g4 Nxe4 31. fxe4 Qxh3 32. Bc5 Ne6 33. Bb6 Nf4 34. Qd2 Qxg4+ 35. Kf1 Qxh4 36. Bf2 Qh1+ 37. Bg1 Qxe4 38. Qd8+ Kh7 39. Qd2 Qf3+ 40. Ke1 Nd3+ 0-1

[Event "Speed Chess (Women) Play In 4"]
[Site "Chess.com INT"]
[Date "2024.08.16"]
[Round "4"]
[White "Maltsevskaya, Aleksandra"]
[Black "Aydin, Gulenay"]
[Result "1-0"]
[WhiteElo "2404"]
[BlackElo "2176"]
[PlyCount "91"]
[EventDate "2024.08.16"]
[EventType "swiss (blitz)"]
[EventRounds "11"]
[EventCountry "USA"]
[SourceTitle "CBM 221 Extra"]
[Source "ChessBase"]
[SourceDate "2024.09.30"]
[SourceVersion "1"]
[SourceVersionDate "2024.09.30"]
[SourceQuality "1"]

1. e4 c5 2. Nf3 d6 3. d4 cxd4 4. Nxd4 Nf6 5. Nc3 g6 6. Bc4 Bg7 7. Bb3 a6 8. 0-0 0-0 9. h3 Nc6 10. Be3 Bd7 11. f4 Rc8 12. Qf3 Qa5 13. Rad1 Nxd4 14. Bxd4 Bc6 15. Qf2 Nd7 16. Bxg7 Kxg7 17. Kh1 Qc5 18. Qg3 Nf6 19. f5 Nxe4 20. Nxe4 Bxe4 21. Rf4 Bxf5 22. Rd5 e6 23. Rxc5 Rxc5 24. Rf2 d5 25. Qe5+ Kg8 26. Kh2 b5 27. c3 a5 28. h4 h5 29. Bd1 Rc4 30. g3 b4 31. Be2 Re4 32. Qd6 bxc3 33. bxc3 Rc8 34. Bd3 Re1 35. Bxf5 gxf5 36. Rf3 Ra1 37. Kh3 Rxa2 38. Qf4 Kf8 39. Qg5 Rb8 40. g4 hxg4+ 41. Kg3 gxf3 42. Kxf3 Rc2 43. Qf6 Rcb2 44. h5 Rb1 45. h6 R8b2 46. Qd8# 1-0

[Event "Speed Chess (Women) Play In 4"]
[Site "Chess.com INT"]
[Date "2024.08.16"]
[Round "8"]
[White "Osmak, Iulija"]
[Black "Aydin, Gulenay"]
[Result "0-1"]
[WhiteElo "2471"]
[BlackElo "2176"]
[PlyCount "136"]
[EventDate "2024.08.16"]
[EventType "swiss (blitz)"]
[EventRounds "11"]
[EventCountry "USA"]
[SourceTitle "CBM 221 Extra"]
[Source "ChessBase"]
[SourceDate "2024.09.30"]
[SourceVersion "1"]
[SourceVersionDate "2024.09.30"]
[SourceQuality "1"]

1. b4 Nf6 2. Bb2 g6 3. e3 Bg7 4. Nf3 0-0 5. Be2 d6 6. 0-0 e5 7. c4 a5 8. b5 Nbd7 9. d3 Qe7 10. Nc3 e4 11. dxe4 Nxe4 12. Nd5 Qd8 13. Bxg7 Kxg7 14. Qd4+ Ndf6 15. Rfd1 Be6 16. Rac1 Bxd5 17. cxd5 b6 18. Nd2 Nc5 19. e4 Re8 20. Bf3 Kg8 21. Re1 Nfd7 22. Be2 Re7 23. Bf1 Qf8 24. Re3 Rae8 25. Rce1 Qg7 26. Qxg7+ Kxg7 27. g3 Nf6 28. Bg2 Ng4 29. R3e2 f5 30. Bf3 Ne5 31. Bg2 Ned3 32. Rd1 fxe4 33. Nxe4 Nxe4 34. Rxe4 Rxe4 35. Bxe4 Nc5 36. Bf3 Re5 37. Kf1 g5 38. Rd4 Kg6 39. h4 h5 40. hxg5 Rxg5 41. Kg2 Re5 42. Rf4 Nd7 43. Rc4 Nc5 44. Rh4 Nd3 45. Be4+ Kg5 46. Bxd3 Rxd5 47. Be2 Rd2 48. Rxh5+ Kg6 49. f3 Rxe2+ 50. Kf1 Rxa2 51. Rh8 Rb2 52. Rg8+ Kf6 53. Rc8 Rxb5 54. Rxc7 a4 55. Ra7 Rb4 56. Ke2 b5 57. Ke3 Rb3+ 58. Kf4 Ke6 59. g4 a3 60. g5 b4 61. g6 Rb1 62. Ra4 Rg1 63. Rxb4 a2 64. g7 a1Q 65. Re4+ Kf7 66. g8Q+ Kxg8 67. Kf5 Qa5+ 68. Kf4 Qg5# 0-1

[Event "Arad op 17th"]
[Site "Arad"]
[Date "2024.08.10"]
[Round "8"]
[White "Aydin, Gulenay"]
[Black "Bilych, Olexiy"]
[Result "0-1"]
[WhiteElo "2176"]
[BlackElo "2434"]
[PlyCount "66"]
[EventDate "2024.08.05"]
[EventType "swiss"]
[EventRounds "9"]
[EventCountry "ROU"]
[SourceTitle "CBM 221 Extra"]
[Source "ChessBase"]
[SourceDate "2024.09.30"]
[SourceVersion "1"]
[SourceVersionDate "2024.09.30"]
[SourceQuality "1"]

1. e4 c5 2. c3 d5 3. exd5 Qxd5 4. d4 Nf6 5. Nf3 e6 6. Be3 cxd4 7. cxd4 Bb4+ 8. Nc3 Bd7 9. Be2 Bxc3+ 10. bxc3 Bb5 11. 0-0 0-0 12. Rb1 Bxe2 13. Qxe2 Nbd7 14. c4 Qc6 15. Rfd1 Rac8 16. Rbc1 Qe4 17. h3 h6 18. Nd2 Qf5 19. Rb1 b6 20. a4 Rc7 21. Kh2 Rfc8 22. g4 Qc2 23. Rbc1 Qxa4 24. Rg1 Qa3 25. h4 Qd6+ 26. Kh3 e5 27. g5 Qe6+ 28. Kh2 exd4 29. gxf6 Nxf6 30. Rg3 dxe3 31. Rcg1 exd2 32. Rxg7+ Kf8 33. Qxd2 Rxc4 0-1